| 000 | 00426nam a22001457a 4500 | ||
|---|---|---|---|
| 008 | 240425b |||||||| |||| 00| 0 eng d | ||
| 020 | _a9781596985162 | ||
| 050 |
_aHN 65 .I64 2007 _bC.1 |
||
| 100 | _aINGRAHAM LAURA. | ||
| 245 |
_aLAURA INGRAHAM _bPOWER TO THE PEOPLE |
||
| 260 |
_aUS _bREGNERY PUBLISHING, INC _c2007 |
||
| 300 | _aVIII: 372P. | ||
| 500 | _aINCLUDES BIBLIOGRAPHICAL REFERENCES AND INDEX | ||
| 942 |
_2lcc _cBK |
||
| 999 |
_c209970 _d209970 |
||